The last secret of the temple

Bibliographic Details
Main Author: Sussman, Paul
Format: Book
Published: London : Transworld Publishers , 2005
Subjects:

MARC

LEADER 00000cam a2200000 7i4500
001 0000008293
005 20070914.0
008 070914
020 |a 0593048776 
090 0 0 |a SUS   |b ENG 
100 1 |a Sussman, Paul 
245 1 4 |a The last secret of the temple   |c Paul Sussman 
260 |a London :   |b Transworld Publishers ,   |c 2005 
650 0 |a Novel 
999 |a 0000992250   |b Book   |c Adult Collection   |e Perbadanan Perpustakaan Awam Johor 
999 |a 0000992251   |b Book   |c Adult Collection   |e Perbadanan Perpustakaan Awam Johor